Servidores secretos / (Record no. 143670)

MARC details
000 -LEADER
campo de control de longitud fija 01139nam a22003131 4500
001 - NÚMERO DE CONTROL
campo de control 143670
003 - IDENTIFICADOR DE NÚMERO DE CONTROL
campo de control SpMaBN
005 - FECHA Y HORA DE LA ÚLTIMA TRANSACCIÓN
campo de control 20250808022131.0
008 - DATOS DE LONGITUD FIJA--INFORMACIÓN GENERAL
campo de control de longitud fija 981210s1960 sp spa
016 7# - NÚMERO DE CONTROL DE UNA AGENCIA BIBLIOGRÁFICA NACIONAL
Número de control del registro bimoBNE20000198154
Número de control cancelado/no válido IND9800832726
Fuente SpMaBN
017 ## - NÚMERO DE COPYRIGHT O DE DEPÓSITO LEGAL
Número de copyright o de depósito legal B 13964-1959
Agencia que asigna Oficina Depósito Legal Barcelona
035 ## - NÚMERO DE CONTROL DEL SISTEMA
Número de control de sistema (OCoLC)55303878
040 ## - FUENTE DE CATALOGACIÓN
Centro catalogador/agencia de origen SpMaBN
Lengua de catalogación spa
Centro/agencia transcriptor CDM
Centro/agencia modificador ES-MaACL
080 ## - NÚMERO DE LA CLASIFICACIÓN DECIMAL UNIVERSAL
Número de la Clasificación Decimal Universal 355.404.51(52)
100 0# - ENTRADA PRINCIPAL--NOMBRE DE PERSONA
Nombre de persona Seth, Ronald
Número de control del registro de autoridad o número normalizado XX1265929
9 (RLIN) 105895
245 10 - MENCIÓN DEL TÍTULO
Título Servidores secretos /
Mención de responsabilidad, etc. Ronald Seth ; [versión... de Ana María de Foronda]
260 ## - PUBLICACIÓN, DISTRIBUCIÓN, ETC.
Lugar de publicación, distribución, etc. Barcelona :
Nombre del editor, distribuidor, etc. Luis de Caralt,
-- [Saturno,
Fecha de publicación, distribución, etc. 1960]
300 ## - DESCRIPCIÓN FÍSICA
Extensión 311 p., 2 h. ;
Dimensiones 20 cm
490 0# - MENCIÓN DE SERIE
Mención de serie La Vida Vivida
650 #7 - PUNTO DE ACCESO ADICIONAL DE MATERIA--TÉRMINO DE MATERIA
Término de materia o nombre geográfico como elemento de entrada Espionaje
Subdivisión geográfica Japón
Fuente del encabezamiento o término embne
9 (RLIN) 227229
700 11 - ENTRADA AGREGADA--NOMBRE PERSONAL
Nombre de persona Foronda, Ana-María de
9 (RLIN) 51800
830 #3 - PUNTO DE ACCESO ADICIONAL DE SERIE-TÍTULO UNIFORME
Título uniforme La vida vivida
9 (RLIN) 180877
852 ## - LOCALIZACIÓN
Ubicación ES-MaACL
Sublocalización o colección R.45512
itemnumber 148858
Ubicación en estantería Mesetón
Número de control de estantería C-17130
942 ## - ELEMENTOS DE ENTRADA SECUNDARIOS (KOHA)
Fuente del sistema de clasificación o colocación Clasificación decimal universal
Tipo de ítem Koha Libro impreso
980 ## - EQUIVALENCIA O REFERENCIA-CRUZADA-MENCIÓN DE SERIE--NOMBRE DE PERSONA/TÍTULO [LOCAL, CANADÁ]
Nombre de persona B 13964-1959
-- SpMaBN
Numeración BNALCALA
Calificador de atribución DL/1819101
Fechas asociadas al nombre 7/39680
Títulos y otros términos asociados al nombre CONSERVACI
980 ## - EQUIVALENCIA O REFERENCIA-CRUZADA-MENCIÓN DE SERIE--NOMBRE DE PERSONA/TÍTULO [LOCAL, CANADÁ]
Nombre de persona B 13964-1959
-- SpMaBN
Numeración BNMADRID
Calificador de atribución 7/38438
Fechas asociadas al nombre 7/39681
Títulos y otros términos asociados al nombre SG_RECOLET
Holdings
Estatus retirado Estado de pérdida Fuente del sistema de clasificación o colocación Estado de daño No para préstamo Biblioteca de origen Biblioteca actual Ubicación en estantería Fecha de adquisición Total de préstamos Signatura topográfica completa Código de barras Visto por última vez Precio de reemplazo Tipo de ítem Koha
    Clasificación decimal universal     Biblioteca del Ateneo de Madrid Biblioteca del Ateneo de Madrid Galería 17/01/2008   C-17130 1149476 23/02/2023 23/02/2023 Libro impreso